Nuclear power : (Record no. 11443)
[ view plain ]
| 000 -LEADER | |
|---|---|
| fixed length control field | 00558nam a2200217Ia 4500 |
| 003 - CONTROL NUMBER IDENTIFIER | |
| control field | OSt |
| 005 - DATE AND TIME OF LATEST TRANSACTION | |
| control field | 20230710125012.0 |
| 008 - FIXED-LENGTH DATA ELEMENTS--GENERAL INFORMATION | |
| fixed length control field | 210324s9999||||xx |||||||||||||| ||und|| |
| 040 ## - CATALOGING SOURCE | |
| Transcribing agency | STCPL |
| 041 ## - LANGUAGE CODE | |
| Language code of text/sound track or separate title | English |
| 082 ## - DEWEY DECIMAL CLASSIFICATION NUMBER | |
| Classification number | 621.48 |
| Item number | KEN-N |
| 100 ## - MAIN ENTRY--PERSONAL NAME | |
| Personal name | Jay, Kenneth |
| 245 #0 - TITLE STATEMENT | |
| Title | Nuclear power : |
| Remainder of title | Todays and tomorrow / |
| Statement of responsibility, etc. | by Kenneth Jay |
| 260 ## - PUBLICATION, DISTRIBUTION, ETC. | |
| Place of publication, distribution, etc. | London : |
| Name of publisher, distributor, etc. | Methuen and Co Ltd , |
| Date of publication, distribution, etc. | 1963 . |
| 300 ## - PHYSICAL DESCRIPTION | |
| Extent | 270 p. |
| Other physical details | Paper Back |
| 490 ## - SERIES STATEMENT | |
| Series statement | Science today series / |
| 650 ## - SUBJECT ADDED ENTRY--TOPICAL TERM | |
| Topical term or geographic name entry element | Energy, atom and neutrons |
| 650 ## - SUBJECT ADDED ENTRY--TOPICAL TERM | |
| Topical term or geographic name entry element | Nuclear power |
| 942 ## - ADDED ENTRY ELEMENTS (KOHA) | |
| Koha item type | Books |
| 942 ## - ADDED ENTRY ELEMENTS (KOHA) | |
| Source of classification or shelving scheme | Dewey Decimal Classification |
| Withdrawn status | Lost status | Source of classification or shelving scheme | Damaged status | Collection code | Not for loan | Home library | Current library | Shelving location | Date acquired | Cost, normal purchase price | Total Checkouts | Full call number | Barcode | Date last seen | Price effective from | Koha item type |
|---|---|---|---|---|---|---|---|---|---|---|---|---|---|---|---|---|
| Dewey Decimal Classification | Physics | ST. THOMAS COLLEGE LIBRARY, PALAI | ST. THOMAS COLLEGE LIBRARY, PALAI | Physics | 2021-07-10 | 6.00 | 621.48 KEN-N | 18870 | 2021-07-10 | 2021-07-10 | Books |
